000 01408 a2200409 4500
001 44914
005 20260407155724.0
008 260407a2007 arg spa d
003 AR-UNSa-BCEJYS
040 _aAR-UNSa-BCEJYS
_bspa
_cAR-UNSa-BCEJYS
080 _a331-053.2
_xTrabajo Infantil
245 1 0 _aEl trabajo infantil en la Argentina
_panálisis y desafíos para la política pública
020 _a978-92-2-319849-7
264 1 _aBuenos Aires :
_bMiño y Dávila
_c2007
300 _a360 p.
_c22 cm.
505 _a1. La perspectiva institucional - 2. Estudios sobre la encuesta de trabajo infantil.
041 _aspa
942 _cBK
590 _aniveau_biblio:m niveau_hierar:0
100 1 _aCampos, Martín
700 1 _aAparicio, Susana
700 1 _aCardarelli, Graciela
700 1 _aChiara, Magdalena
700 1 _aDi Virgilio, María Mercedes
700 1 _aDorrego, Gabriela
700 1 _aDuro, Elena
700 1 _aEstruch, Dolores
700 1 _aLópez, Leandro
700 1 _aNirenberg, Olga
700 1 _aNovick, Marta
700 1 _aMaceira, Verónica
700 1 _aPonce, Gustavo
700 1 _aWaisgrais, Sebastián
700 1 _aOrganización Internacional del Trabajo (OIT)
700 1 _aArgentina. Ministerio de Trabajo, Empleo y Seguridad Social
856 4 1 _uhttps://www.biblioeco.unsa.edu.ar/pmb/images/libros/L127037.jpg
_yImagen de portada
_qimage/jpeg
999 _c3853
_d3853